El discurso político de Hugo Chávez (1996-1999) /
Se plantea una caracterización general del Discurso Político de Hugo Chávez, a partir de los elementos de la filosofía política que emplea para lograr el convencimiento general
Guardado en:
| Autor principal: | |
|---|---|
| Formato: | Texto |
| Materias: | |
| Etiquetas: |
Agregar Etiqueta
Sin Etiquetas, Sea el primero en etiquetar este registro!
|
MARC
| LEADER | 00000 a a2200000 04500 | ||
|---|---|---|---|
| 001 | 7292 | ||
| 003 | |||
| 040 | |||
| 100 | |a Romero, Juan Eduardo | ||
| 245 | |a El discurso político de Hugo Chávez (1996-1999) / |c Juan Eduardo Romero | ||
| 520 | |a Se plantea una caracterización general del Discurso Político de Hugo Chávez, a partir de los elementos de la filosofía política que emplea para lograr el convencimiento general | ||
| 650 | |a DISCURSOS | ||
| 650 | |a PODER POLITICO | ||
| 650 | |a VENEZUELA | ||
| 773 | |g volumen 10, número 2; páginas 229-245 | ||
| 999 | |c 36814 |d 36814 | ||
